El estatuto profesional del personal investigador contratado en rǧimen laboral

Bibliographic Details
Main Author: Ballester Laguna, Fernando
Format: eBook
Language:Spanish
Published: Madrid: Instituto Nacional de Administracin̤ Pb︢lica (INAP), 2016
Subjects:
Online Access:Acceso restringido

MARC

LEADER 00000nam a22000007a 4500
005 2017021401581.0
007 cr|||| ||||
008 170214s2016 es |||||s|||| 00||0 spa d
020 |a 978-84-7351-536-8 
035 |a 14728 
040 |a vLex 
090 |c 6553  |d 6553 
100 1 |a Ballester Laguna, Fernando 
245 1 2 |a El estatuto profesional del personal investigador contratado en rǧimen laboral  |h [Recurso electrn̤ico] /  |c Fernando Ballester Laguna 
256 |a Servicio en ln̕ea 
260 |a Madrid:  |b Instituto Nacional de Administracin̤ Pb︢lica (INAP),  |c 2016 
300 |a 1 recurso electrn̤ico 
500 |a En los l︢timos aǫs se han materializado algunas modificaciones normativas que han supuesto una clara apuesta por la contratacin̤ en rǧimen laboral en el m̀bito de la investigacin̤ en detrimento de la polt̕ica de becas y de los contratos de naturaleza administrativa, dando carta de naturaleza tambiň a la contratacin̤ por tiempo indefinido. En este contexto el objeto de estudio del presente proyecto de investigacin̤ consiste en analizar el estatuto profesional del personal investigador contratado en rǧimen laboral por los organismos pb︢licos de investigacin̤ de la administracin̤ general del estado y por las universidades pb︢licas. A partir de aqu,̕ sucede que muchas de las reflexiones y anl̀isis que se van a efectuar en el trabajo son extrapolables a otros centros y organismos, tales como las universidades privadas y de la iglesia catl̤ica o ciertas entidades privadas de investigacin̤ sin ǹimo de lucro. 
506 1 |a Disponible solo en los productos indicados  |d vLex Global  |d vLex Global (Academic Edition, excluding Law Schools)  |d vLex Global (U.S. Academic Edition, Law Schools)  |d vLex Global (U.S. Academic Edition, excluding Law Schools)  |d vLex Global (Academic Edition, Law Schools) 
650 0 4 |a Derecho Laboral y Seguridad Social  |z Espaą 
740 0 |a vLex Libros (Servicio en ln̕ea) 
856 4 0 |u http://vlex.com/source/estatuto-profesional-del-personal-investigador-contratado-en-regimen-laboral-14728  |z Acceso restringido 
942 |c BOOK 
999 0 |a Labor law and social security